Water not oil: crisis of the twenty-first century (Record no. 50566)

000 -LEADER
fixed length control field 00682pab a2200157 454500
008 - FIXED-LENGTH DATA ELEMENTS--GENERAL INFORMATION
fixed length control field 180718b2001 xxu||||| |||| 00| 0 eng d
100 ## - MAIN ENTRY--PERSONAL NAME
Personal name Gaan, Narottam
245 ## - TITLE STATEMENT
Title Water not oil: crisis of the twenty-first century
260 ## - PUBLICATION, DISTRIBUTION, ETC.
Date of publication, distribution, etc. 2001
300 ## - PHYSICAL DESCRIPTION
Extent p.94-108
362 ## - DATES OF PUBLICATION AND/OR SEQUENTIAL DESIGNATION
Dates of publication and/or sequential designation Jul-Sep
520 ## - SUMMARY, ETC.
Summary, etc. In recent years, there has been a growing awareness of the link between environmental degradation and scarcity of resources, and the resultant conflict both national and international. Water, which is seen as a renewable resource, will be a major cause of conflict in the twenty-first century. - Reproduced
650 ## - SUBJECT ADDED ENTRY--TOPICAL TERM
Topical term or geographic name entry element Water resources
773 ## - HOST ITEM ENTRY
Main entry heading World Affairs
909 ## -
-- 50566
Holdings
Withdrawn status Lost status Damaged status Not for loan Permanent Location Current Location Date acquired Serial Enumeration / chronology Barcode Date last seen Price effective from Koha item type
        Indian Institute of Public Administration Indian Institute of Public Administration 2018-07-19 Volume no: 5, Issue no: 3 AR50994 2018-07-19 2018-07-19 Articles

Powered by Koha